000
00228nam a22000857a 4500
008
170605b xxu||||| |||| 00| 0 eng d
100
_9
3275
_a
Bhanot. R
245
_a
Bonanze of fairy tales
260
_a
New Delhi
_b
Arora Publication
_c
2005
999
_c
6593
_d
6593